| 000 | 01201cam a2200301 i 4500 | ||
|---|---|---|---|
| 001 | 17485694 | ||
| 003 | PILC | ||
| 005 | 20150810161855.0 | ||
| 008 | 121005s2013 nyua b 001 0 eng | ||
| 010 | _a 2012039695 | ||
| 020 | _a9780078036880 (pbk. : acidfree paper) | ||
| 040 |
_aDLC _beng _cDLC _erda _dDLC |
||
| 042 | _apcc | ||
| 050 | 0 | 0 |
_aPN 4129.15 _b.N46 2014 |
| 082 | 0 | 0 | _a808.5/1 |
| 100 | 1 |
_aNelson, Paul E. _q(Paul Edward), _d1941- _eauthor. |
|
| 245 | 1 | 0 |
_aiSpeak : _bPublic Speaking for Contemporary Life / _c[Paul Nelson, North Dakota State University ; Scott Titsworth, Ohio University-Athens ; Judy Pearson, North Dakota State University]. |
| 250 | _a5th edition.. | ||
| 260 |
_aNew York : _bMcGraw-Hill, _c2014. |
||
| 300 |
_axvi, 320 pages : _bsome colored illustrations ; _c28 cm. |
||
| 500 | _aIncludes bibliographical references and index. | ||
| 650 | 0 | _aPublic speaking. | |
| 700 | 1 |
_aTitsworth, Scott, _eauthor. |
|
| 700 | 1 |
_aPearson, Judy C., _eauthor. |
|
| 906 |
_a7 _bcbc _corignew _d1 _eecip _f20 _gy-gencatlg |
||
| 942 |
_2lcc _cBK _kFOR |
||
| 999 |
_c288381 _d288381 |
||